000 004220000a22001330004500
090 _aAR
_b01650
245 1 0 _aBiogeografía desde mi punto de vista
650 1 4 _aBiogeografía
_992747
650 1 4 _aEvolución
_992797
041 0 _aEspañol
100 1 _aCroizat Chaley, León
_995066
942 _cARTICULO
773 1 _tEcología neotropical: actas del VII congreso Latinoamericano / Ed. Pedro J. Salinas
_3572
_q165-175
_d1986
999 _c10730
_d10730